000 00625nam a2200217Ia 4500
005 20250508162839.0
008 008 250505s9999 xx 000 0 eng d
020 _a81-7169-227-3
037 _aTextual
040 _aFEDL
_beng
_cFEDL
041 _aeng
_2eng
084 _a371, RAO
_qFEDL
100 _aRao V K Ed.
_9774175
245 0 _aResource of effective teaching
260 _aNew Delhi, India
_bCommonewalth Publishers
_c1992
300 _a256p
490 _aWorld educational development series; 5
700 _a Reddy R S Ed.
_9774176
942 _cTEXL
_h371, RAO
999 _c1379023
_d1379023